MARC

LEADER 00000nam0a2200000 4500
001 56960
005 20231031053934.0
035 |a (RuTPU)RU\TPU\book\59871 
090 |a 56960 
100 |a 20031017d1986 k y0rusy50 ca 
101 0 |a rus 
102 |a RU 
105 |a a z 001zy 
200 1 |a Практическое руководство по радиационной безопасности на ускорителях заряженных частиц  |f М. М. Комочков, В. Н. Лебедев 
210 |a Москва  |c Энергоатомиздат  |d 1986 
215 |a 167 с.  |c ил. 
320 |a Библиогр.: с. 161-166. 
610 1 |a ускорители 
610 1 |a заряженные частицы 
610 1 |a ионизирующие излучения 
610 1 |a защита 
610 1 |a дозиметрия 
610 1 |a охрана труда 
610 1 |a охрана 
610 1 |a окружающая среда 
675 |a 621.384.668  |v 3 
700 1 |a Комочков  |b М. М.  |g Михаил Михайлович 
701 1 |a Лебедев  |b В. Н.  |g Владимир Николаевич 
801 1 |a RU  |b 63413507  |c 20031017  |g PSBO 
801 2 |a RU  |b 63413507  |c 20190918  |g PSBO 
942 |c BK